00776cam a2200217 a 4500020001800000040001800018082001500036100001800051245003900069246002600108250001200134260005900146300003300205504006600238650002600304650002900330650002400359942001200383999001700395952014600412 a9780534598686 aDLCcDLCdDLC00a153.152211 aChance, Paul.10aLearning & behavior cPaul Chance.3 aLearning and behavior a5th ed. aAustralia ;aBelmont, CA :bThomson/Wadsworth,cc2003. axx, 505 p. :bill. ;c25 cm. aIncludes bibliographical references (p. 457-487) and indexes. 0aConditioned response. 0aLearning, Psychology of. 0aNature and nurture. 2ddccBK c11448d11448 001040708NFICaCLbCLcGENd2012-11-20eAcademic Book Companyg8206.71l1o153.15 CHApSEECS011697r2014-05-10s2014-04-05w2017-01-05yBK